00342nam a2200121 a 4500008004100000050001200041100002400053245009100077246002300168260000900191300001100200350000900211120416s1995 xx |||||||||||||| || u aOMF(08) aBaumgartner, Ulrich10aSaving behaviour and the asset price ""bubble"" in Japancedited by Ulrich Baumgartner aanalytical studies c1995 a: ill. a0.00